Pinta ilustra no. 6 / (Registro nro. 10228)

Detalles MARC
000 -LIDER
fixed length control field 00545nam a22001937a 4500
001 - NÚMERO DE CONTROL
Identificador de número de control 001255
003 - IDENTIFICACDOR DE NÚMERO DE CONTROL
control field DO-SdBNP
005 - DATE AND TIME OF LATEST TRANSACTION
control field 20180323133343.0
007 - CAMPOS FIJOS DE DESCRIPCIÓN FÍSICA
fixed length control field 001255
008 - ELEMENTOS DE LONGITUD FIJA
fixed length control field 160530b 2000 dr |||| 00| 0 spa d
040 ## - FUENTE DE CATALOGACIÓN
Enlace
Agencia que crea de manera original el registro BPMSU
Idioma de catalogación spa
Agencia que realiza la transcripción BPMSU
100 ## - ASIENTO PRINCIPAL -- NOMBRE PERSONAL
Nombre personal Collins de Colado, Mery
245 ## - MENCIÓN DE TITULO
Título Pinta ilustra no. 6 /
Mención de responsabilidad Mery Collins de Colado
260 ## - PUBLICACIÓN, DISTRIBUCIÓN, ETC. (PIE DE IMPRENTA)
Lugar de publicación, distribución, etc Santo Domingo :
Fecha de publicación, distribución, etc Cromática
Nombre del editor, distribuidor, etc. 2000
300 ## - DESCRIPCIÓN FÍSICA
Extensión 64 p. :
Otros detalles físicos il. ;
Dimensiones 29 cm.
942 ## - ADDED ENTRY ELEMENTS (KOHA)
Source of classification or shelving scheme Dewey Decimal Classification
Koha item type Libros
945 ## - INFORMACIÓN DE PROCESAMIENTO LOCAL
Información de procesamiento local Remanejado para la BNPHU 2018 VM
956 ## - LOCAL ELECTRONIC LOCATION AND ACCESS (OCLC)
Nombre de host VMATEO
Número de acceso 10
Información de compresión 20160530
Trayectoria BPMSU
Nombre Electrónico 0069
Existencias
Withdrawn status Lost status Source of classification or shelving scheme Damaged status Not for loan Collection code Home library Current library Date acquired Source of acquisition Total Checkouts Barcode Date last seen Price effective from Koha item type
    Dewey Decimal Classification     Colección Juvenil Dominicana Biblioteca Pública Metropolitana Salomé Ureña Biblioteca Pública Metropolitana Salomé Ureña 05/30/2016 Donación   BPMET16050455 05/30/2016 05/30/2016 Libros